000 00841nam a2200277 4500
001 18512
003 ES-MaACL
007 t|
008 020128s1984 sp ||||0| spa d
016 7 _zIBH8505900752
020 _a84-01-33255-9
040 _aIBH
_bspa
_cM-BN-DP
080 _a32(46)"1982/.."
080 _a821.134.2-31"19"
100 _aOneto, José
_9180463
245 1 3 _aEl secuestro del cambio
_b: Felipe año II /
_cJosé Oneto.
250 _a[1ª ed.].
260 _aEsplugues de Llobregat, Barcelona :
_bPlaza & Janés,
_c1984.
300 _a311 p ;
_c22 cm.
490 1 _aEpoca. Política española
500 _aIndice.
651 4 _aEspaña-
_xPolítica y gobierno-
_y1982-1996.
_98449
830 0 _aEpoca. Política española
_9179911
852 _aES-MaACL
_jG-3973
_bR.130926
999 _c18512
_d18512